| 000 | 01148nam a22002657a 4500 | ||
|---|---|---|---|
| 999 |
_c3588 _d3588 |
||
| 003 | AR-CdUCM | ||
| 008 | 190306b ||||| |||| 00| 0 spa d | ||
| 040 |
_aMUNICIPALIDAD PROVINCIAL DEL CUSCO _cBIBLIOTECA MUNICIPAL DEL CUSCO |
||
| 082 |
_a985.0013 / _bM26 |
||
| 100 |
_aMariátegui, José Carlos _97913 |
||
| 245 |
_aInvitación a la vida heroica : _b antología / _cAlberto Flores Galindo; Ricardo Portocarrero Grados; Mariátegui Chiappe, Javier. |
||
| 260 |
_aLima : _b Instituto de Apoyo Agrario, _c1989. |
||
| 300 |
_a450 páginas ; _c20 cm. |
||
| 440 |
_aTiempo de historia _911744 |
||
| 505 | _aContenido: El alma vacía -- Por los caminos de Europa -- Tradición y modernidad -- socialismo e indigenismo -- Asedios y rupturas ... | ||
| 650 |
_aJosé Carlos Mariátegui - Ensayos _911745 |
||
| 650 |
_aEnsayos peruano - Siglo XX _911746 |
||
| 650 |
_aEnsayos - Maxismo _911747 |
||
| 700 |
_aFlores Galindo, Alberto _92837 |
||
| 700 |
_aPortocarrero Grados, Ricardo _911748 |
||
| 700 |
_aMariátegui Chiappe, Javier (Compiladores) _911749 |
||
| 710 |
_aInstituto de Apoyo Agrario _911750 |
||
| 942 |
_2ddc _cLIBROS |
||
| 945 | _alccs | ||